Guía de la buena prescripción. (Registro nro. 192)
[ vista simple ]
| 000 -LEADER | |
|---|---|
| fixed length control field | 00997 am a2200289 a 4500 |
| 005 - FECHA ULTIMA MODIFICACION | |
| control field | 20240522092717.0 |
| 008 - CAMPO DE CONTROL (LIBRO) | |
| fixed length control field | 100329s1994||||ag a f |||| 000 0 spa d |
| 020 ## - INTERNATIONAL STANDARD BOOK NUMBER | |
| ISBN | S/N |
| 041 ## - CODIGO DE IDIOMA | |
| Código de idioma del texto/pista de sonido o título separado | spa |
| 092 ## - SIGNATURA TOPOGRAFICA DEWEY LOCAL | |
| número de clasificación | 615.5 |
| libristica | 31 |
| sección | GUI |
| 245 ## - TITULO PROPIAMENTE DICHO | |
| Título | Guía de la buena prescripción. |
| Subtítulo y Título paralelo | Manual práctico / |
| Mención de responsabilidad y remanente de la transcripción de la portada | T. P. G. M. de Vries |
| 250 ## - MENCION DE EDICION | |
| Mención de edición | 1a ed. |
| Mención de responsabilidad relacionada con la ed. | Adaptación al castellano: Joan-Ramon Laporte ; Montserrat Bosch y Dolors Capella |
| 260 ## - PIE DE IMPRENTA | |
| Lugar de publicación, distribución, etc | Buenos Aires: |
| Nombre de la editorial, distribuidor, etc | OMS; |
| Fecha de publicación | 1994. |
| 300 ## - DESCRIPCION FISICA | |
| Extension | 114 p. |
| 500 ## - NOTA GENERAL | |
| Nota general | Vries, T. P. G. M. de. et al. (1994). Guía de la buena Prescripción. Manual Práctico. (1a ed.). Ginebra : OMS. |
| 590 ## - NOTAS LOCALES (RLIN) | |
| Nota local | Donación J. M. Alfonso, Mayo 2008 |
| 653 ## - TÉRMINO INDIZADO - PALABRAS CLAVES | |
| Palabra clave | Medicamentos |
| 653 ## - TÉRMINO INDIZADO - PALABRAS CLAVES | |
| Palabra clave | Bases de la farmacología para la práctica diaria |
| 653 ## - TÉRMINO INDIZADO - PALABRAS CLAVES | |
| Palabra clave | Tratamiento de pacientes |
| 700 1# - ENTRADAS SECUNDARIAS - NOMBRE PERSONAL | |
| Nombre personal | Vries, T.P.G.M. de |
| 9 (RLIN) | 391 |
| 700 1# - ENTRADAS SECUNDARIAS - NOMBRE PERSONAL | |
| Nombre personal | Henning, R.H. |
| 9 (RLIN) | 391 |
| 700 1# - ENTRADAS SECUNDARIAS - NOMBRE PERSONAL | |
| Nombre personal | Hogerzeil, H.V. |
| 9 (RLIN) | 392 |
| 700 1# - ENTRADAS SECUNDARIAS - NOMBRE PERSONAL | |
| Nombre personal | Fresle, D.A. |
| 9 (RLIN) | 393 |
| 930 ## - NUMERO DE INVENTARIO | |
| Número de inventario | 530 |
| 930 ## - NUMERO DE INVENTARIO | |
| Número de inventario | 1932 |
| 942 ## - ADDED ENTRY ELEMENTS (KOHA) | |
| Source of classification or shelving scheme | Dewey Decimal Classification |
| Item type | Libros |
| Estado de retiro | Existencia | Fuente de clasificación | Estado general | No para prestamo | Colección | Ubicación permanente | ubicación actual | Sala de ubicación | Fecha de adquisición | Total Checkouts | Número de clasificación | Código de barras | Date last seen | Número de ejemplar | Price effective from | Koha tipo de elemento (item) | Public note |
|---|---|---|---|---|---|---|---|---|---|---|---|---|---|---|---|---|---|
| Dewey Decimal Classification | Reference | Biblioteca Medicina | Biblioteca Medicina | Referencia | 13/05/2011 | 615.5 31 GUI | 530 | 06/11/2014 | ej.1 | 13/05/2011 | Reference | LIBRO DE CONSULTA | |||||
| Biblioteca Medicina | Biblioteca Medicina | Circulación | 13/05/2011 | 615.5 31 GUI | 1932 | 06/11/2014 | ej.2 | 13/05/2011 | Libros |